| 000 | 01073nam0a2200301 4500 | ||
|---|---|---|---|
| 001 | RU\NLR\bibl\435474 | ||
| 005 | 20260406053052.0 | ||
| 010 |
_a5-7024-1596-5 _940000 |
||
| 021 |
_aRU _b2003-43040 _92047 |
||
| 035 | _a(NLR Aleph) 000429276 | ||
| 090 |
_a744119 _c744119 |
||
| 100 | _a20030911d2003 |||y0rusy50 ca | ||
| 101 | 1 |
_arus _ceng |
|
| 102 | _aRU | ||
| 105 | _ay ||||||||| | ||
| 200 | 1 |
_aПесня ветра _eРоман _fДжейн Харри _g[Пер. с англ. А.О. Горбатюк] |
|
| 210 |
_aМ. _cПанорама _d2003 |
||
| 215 |
_a189,[1] с. _d17 |
||
| 225 | 1 |
_aПанорама романов о любви _eПериод.-худож. альм. _v03-106 |
|
| 300 | _aПрил. к междунар. журн. "Панорама" | ||
| 422 | 0 |
_12001#$aПанорама _tПанорама |
|
| 686 | _aШ6(7США)67-440.4{Лх1979-50} | ||
| 700 | 1 |
_4070 _8rus _7ca _aХарри _bД. _gДжейн _3RU\NLR\auth\777905 _9117829 |
|
| 801 | 0 |
_aRU _bNLR _c20030911 _gPSBO |
|
| 801 | 1 |
_aRU _bNLR _c20030911 |
|
| 942 | _cBOOK | ||
| 980 | _aNB | ||